For the comfort of Zion : the geographical and theological location of Isaiah 40-55 /

This monograph seeks to determine the geographical provenance of Isaiah 40-55. It reassesses past research pertaining to Babylonian influence and reexamines the claims that all or parts of Isaiah 40-55 reflect the concerns of the exilic community in Babylon. It further challenges the prevalent view...

وصف كامل

محفوظ في:

المؤلف الرئيسي: Tiemeyer, Lena-Sofia, 1969-

التنسيق: كتاب الكتروني

اللغة: English

منشور في: Leiden ; Boston : Brill, 2011.

سلاسل: Vetus Testamentum, Supplements 139.
Vetus Testamentum Supplements Online, ISBN: 9789004264991.

الموضوعات:

الوصول للمادة أونلاين: Login to view Source

الوسوم: إضافة وسم

لا توجد وسوم, كن أول من يضع وسما على هذه التسجيلة!

رقم الطلب: BS1520 .T54 2011

LEADER 03765nam a2200493 i 4500
001 BRILL9789004189553
003 nllekb
005 20210602095627.0
006 m d
007 cr un uuuua
008 100824s2011 ne sb 001 0 eng
010 |a  2010036403 
020 |a 9789004189553  |q (electronic book) 
020 |z 9789004189300  |q (print) 
024 7 |a 10.1163/ej.9789004189300.i-414  |2 DOI 
035 |a (OCoLC)658813558 
040 |a NL-LeKB  |c NL-LeKB  |e rda 
043 |a a-is--- 
050 4 |a BS1520  |b .T54 2011 
082 0 4 |a 224/.1206  |2 22 
100 1 |a Tiemeyer, Lena-Sofia,  |d 1969- 
245 1 0 |a For the comfort of Zion :  |b the geographical and theological location of Isaiah 40-55 /  |c by Lena-Sofia Tiemeyer. 
246 3 |a Geographical and theological location of Isaiah 40-55 
264 1 |a Leiden ;  |a Boston :  |b Brill,  |c 2011. 
300 |a 1 online resource. 
336 |a text  |b txt  |2 rdacontent 
337 |a computer  |b c  |2 rdamedia 
338 |a online resource  |2 rdacarrier 
490 1 |a Supplements to Vetus Testamentum,  |x 0083-5889 ;  |v v. 139 
490 0 |a Brill ebook titles 
504 |a Includes bibliographical references and indexes. 
505 0 0 |t Preliminary Material /  |r L. Tiemeyer --   |t Preliminary Matters /  |r L. Tiemeyer --   |t 1. Authorship, Dating, Redactional Development And Final Form /  |r L. Tiemeyer --   |t 2. Life In Judah And Babylonin The Sixth Century BC /  |r L. Tiemeyer --   |t 3. Isaiah 40-55 And Babylonian Influence /  |r L. Tiemeyer --   |t 4. A Judahite Perspective In Isaiah 40-55 /  |r L. Tiemeyer --   |t 5. The Exodus Motif And The Journey Through The Wilderness Motif /  |r L. Tiemeyer --   |t 6. Isaiah 40-55 As A Judahite Reading Drama: Preliminary Issues /  |r L. Tiemeyer --   |t 7. Jacob-Israel In Isaiah 40-55 /  |r L. Tiemeyer --   |t 8. Zion-Jerusalem In Isaiah 40-55 /  |r L. Tiemeyer --   |t 9. God, The Prophet And The Servant-Competing Judahite Perspectives /  |r L. Tiemeyer --   |t 10. Isaiah 40:1-11-The Prologue Of Isaiah 40-55 /  |r L. Tiemeyer --   |t 11. Isaiah 40-55 And Lamentations /  |r L. Tiemeyer --   |t Concluding Remarks /  |r L. Tiemeyer --   |t Bibliography /  |r L. Tiemeyer --   |t Source Index /  |r L. Tiemeyer --   |t Author Index /  |r L. Tiemeyer --   |t Subject Index /  |r L. Tiemeyer. 
506 |a Available to subscribing member institutions only. 
520 |a This monograph seeks to determine the geographical provenance of Isaiah 40-55. It reassesses past research pertaining to Babylonian influence and reexamines the claims that all or parts of Isaiah 40-55 reflect the concerns of the exilic community in Babylon. It further challenges the prevalent view that the return of the exiles is of central concern in Isaiah 40-55, and instead proposes that Jerusalem and her imminent restoration is its focal point. It interprets Isaiah 40-55 as a polyvalent text that allows multiple and often contradictory views regarding Jerusalem's current suffering. The monograph investigates these views, understood to represent the opinons of different segments of the target audience of Isaiah 40-55, with the aim of determining their geographical and theological locations. 
630 0 0 |a Bible.  |p O.T.  |p Isaiah XL-LV  |x Criticism, interpretation, etc. 
630 0 0 |a Bible.  |p O.T.  |p Isaiah XL-LV  |x Geography. 
650 0 |a Jerusalem in the Bible. 
776 0 8 |i Print version:  |t For the Comfort of Zion: The Geographical and Theological Location of Isaiah 40-55  |d Leiden, Boston : BRILL, 2011,  |z 9789004189300 
830 0 |a Vetus Testamentum, Supplements  |v 139. 
830 0 |a Vetus Testamentum Supplements Online, ISBN: 9789004264991. 
856 4 |z DOI:   |u http://dx.doi.org/10.1163/ej.9789004189300.i-414 
942 |c EBOOK 
952 |0 0  |1 0  |4 0  |7 1  |9 13526  |a BRILL  |b BRILL  |d 2021-06-02  |l 0  |r 2021-06-02 00:00:00  |w 2021-06-02  |y EBOOK 
999 |c 34978  |d 34978